| 000 | 00346nam a2200133Ia 4500 | ||
|---|---|---|---|
| 008 | 191014s9999 xx 000 0 und d | ||
| 020 | _a0-201-62734-5 | ||
| 082 |
_a530.11 _bFEY |
||
| 100 |
_aRichard P. Feymman _920383 |
||
| 245 | 0 | _aFeymman Lectures on Gravitation | |
| 260 |
_aCanada _bAddison Wesley _c1995 |
||
| 300 | _aXI,232 | ||
| 942 | _cBK | ||
| 999 |
_c530962 _d530962 |
||